[Event "PRVA LIGA CENTRALNE SRBIJE 2014"]
[Site "Kraljevo"]
[Date "2014.09.13"]
[Round "1.1"]
[White "Atalik, Suat"]
[Black "Petkov, Vladimir"]
[Result "1/2-1/2"]
[WhiteElo "2549"]
[BlackElo "2531"]
[PlyCount "44"]
[EventDate "2014.09.13"]

1. d4 e6 2. c4 Bb4+ 3. Nc3 f5 4. e3 Nf6 5. Nge2 b6 6. a3 Bd6 7. b4 Bb7 8. c5
Be7 9. Nf4 a5 10. Rb1 axb4 11. axb4 O-O 12. Bc4 Ne4 13. Nce2 Kh8 14. Bb2 bxc5
15. bxc5 Ba6 16. Bxa6 Nxa6 17. O-O c6 18. Nc3 Nxc3 19. Bxc3 Nc7 20. Qd2 Bg5 21.
Ba5 Bxf4 22. exf4 Qc8 1/2-1/2

[Event "PRVA LIGA CENTRALNE SRBIJE 2014"]
[Site "Kraljevo"]
[Date "2014.09.13"]
[Round "1.1"]
[White "Paunovic, Tomislav"]
[Black "Nenezic, Marko"]
[Result "0-1"]
[WhiteElo "2341"]
[BlackElo "2424"]
[PlyCount "82"]
[EventDate "2014.09.13"]

1. d4 Nf6 2. c4 d6 3. Bg5 Ne4 4. Bf4 Nd7 5. Qc2 Nef6 6. Nf3 g6 7. Nc3 Bg7 8. e4
O-O 9. Be2 Re8 10. O-O e5 11. dxe5 dxe5 12. Be3 c6 13. b4 Qc7 14. Rfd1 Ng4 15.
Bg5 Qb6 16. c5 Qxb4 17. Nd2 Ngf6 18. Nc4 Qxc5 19. Rd6 Re6 20. Rad1 Rxd6 21.
Rxd6 Ne8 22. Be3 Qxd6 23. Nxd6 Nxd6 24. Qd2 Bf8 25. f4 b5 26. fxe5 Nxe5 27. Bf4
Nec4 28. Qd1 Be6 29. e5 Nf5 30. Ne4 Be7 31. Nf6+ Kg7 32. Qc1 Rd8 33. Bg5 Bc5+
34. Kh1 Be3 35. Bxe3 Nfxe3 36. h3 Rd2 37. Bxc4 Rd1+ 38. Qxd1 Nxd1 39. Bxe6 fxe6
40. Ne8+ Kf7 41. Nd6+ Ke7 0-1

[Event "PRVA LIGA CENTRALNE SRBIJE 2014"]
[Site "Kraljevo"]
[Date "2014.09.13"]
[Round "1.1"]
[White "Marinkovic, Ivan"]
[Black "Manic, Jovica"]
[Result "1-0"]
[WhiteElo "2448"]
[BlackElo "2254"]
[PlyCount "47"]
[EventDate "2014.09.13"]

1. e4 e5 2. Nc3 Nf6 3. Nf3 Bb4 4. Nxe5 d6 5. Nf3 Bxc3 6. bxc3 Nxe4 7. c4 O-O 8.
Bb2 Re8 9. Be2 Bf5 10. O-O Nc6 11. Rb1 b6 12. d3 Nc5 13. Qd2 h6 14. Rbe1 Qd7
15. Nh4 Bg4 16. f3 Bf5 17. Nxf5 Qxf5 18. f4 Rad8 19. Ba1 d5 20. cxd5 Qxd5 21.
Bf3 Qd6 22. Qc3 f6 23. Bxc6 Qxc6 24. d4 1-0

[Event "PRVA LIGA CENTRALNE SRBIJE 2014"]
[Site "Kraljevo"]
[Date "2014.09.13"]
[Round "1.1"]
[White "Nikolic, Boban"]
[Black "Pavlovic, Dejan S"]
[Result "1/2-1/2"]
[WhiteElo "2242"]
[BlackElo "2407"]
[PlyCount "85"]
[EventDate "2014.09.13"]

1. Nf3 d5 2. c4 c6 3. g3 Nf6 4. Bg2 e6 5. O-O Nbd7 6. d4 Bd6 7. Nc3 O-O 8. Qb3
a5 9. Bg5 h6 10. Bxf6 Nxf6 11. Nd2 Be7 12. Rfd1 a4 13. Qc2 Qa5 14. a3 Rd8 15.
e4 dxe4 16. Ndxe4 Nxe4 17. Qxe4 Bf6 18. d5 cxd5 19. cxd5 Bxc3 20. bxc3 Qxc3 21.
d6 g6 22. Qh4 Rxd6 23. Rxd6 Qxa1+ 24. Bf1 Kg7 25. Qb4 Qf6 26. h4 h5 27. Qb6 Qe7
28. Rd8 e5 29. Bb5 Qxa3 30. Qc7 Qa1+ 31. Kh2 Qb2 32. Qc5 Kh7 33. Bc4 Be6 34.
Rxa8 Bxc4 35. Qxc4 Qxf2+ 36. Kh1 Qf3+ 37. Kg1 Qxg3+ 38. Kf1 Qf3+ 39. Ke1 Qe3+
40. Kd1 Qf3+ 41. Kd2 b5 42. Qc8 Qf2+ 43. Kd3 1/2-1/2

[Event "PRVA LIGA CENTRALNE SRBIJE 2014"]
[Site "Kraljevo"]
[Date "2014.09.13"]
[Round "1.1"]
[White "Pejcic, Milutin"]
[Black "Tasic, Vladimir"]
[Result "1/2-1/2"]
[WhiteElo "2135"]
[BlackElo "2256"]
[PlyCount "122"]
[EventDate "2014.09.13"]

1. Nf3 g6 2. g3 Bg7 3. Bg2 d6 4. O-O e5 5. d4 exd4 6. Nxd4 Ne7 7. e4 O-O 8. Bg5
h6 9. Bc1 Nbc6 10. c3 d5 11. Nxc6 bxc6 12. Nd2 a5 13. Qc2 f5 14. exd5 cxd5 15.
Nf3 Kh7 16. Be3 Ng8 17. Rad1 Nf6 18. Bc5 Re8 19. Rfe1 Ra6 20. Rxe8 Qxe8 21. Re1
Re6 22. Rxe6 Qxe6 23. Bd4 Ba6 24. Qd2 c6 25. Qe3 Qxe3 26. Bxe3 Nd7 27. Bd4 Bf8
28. Ne5 Nxe5 29. Bxe5 a4 30. Bf3 a3 31. bxa3 Bxa3 32. Bd1 Kg8 33. Ba4 Bb5 34.
Bxb5 cxb5 35. Kf1 Kf7 36. Ke2 Ke6 37. Bd4 g5 38. h3 g4 39. hxg4 fxg4 40. Kd3
Kf5 41. Bb6 Be7 42. Be3 h5 43. Bd4 Ke6 44. Ke3 Bg5+ 45. Kd3 Kd6 46. Bg7 Kc6 47.
Be5 Bc1 48. Bd4 Ba3 49. Ke3 Bd6 50. Kd3 Kb7 51. Be3 Be5 52. Bc5 Ka6 53. Bd4 Bd6
54. Be3 Bc7 55. Bc5 Be5 56. Bd4 Bc7 57. Bc5 Bd8 58. Kd4 Bf6+ 59. Kxd5 Bxc3 60.
Ke4 b4 61. Kf5 Kb5 1/2-1/2

[Event "PRVA LIGA CENTRALNE SRBIJE 2014"]
[Site "Kraljevo"]
[Date "2014.09.13"]
[Round "1.2"]
[White "Stojanovski, Dejan"]
[Black "Stankovic, Milos"]
[Result "1/2-1/2"]
[WhiteElo "2442"]
[BlackElo "2415"]
[PlyCount "27"]
[EventDate "2014.09.13"]

1. d4 e6 2. e4 d5 3. Nc3 Nf6 4. Bg5 dxe4 5. Nxe4 Be7 6. Bxf6 gxf6 7. Nf3 f5 8.
Nc3 a6 9. g3 b5 10. Bg2 Bb7 11. O-O O-O 12. Ne5 Bxg2 13. Kxg2 b4 14. Ne2
1/2-1/2

[Event "PRVA LIGA CENTRALNE SRBIJE 2014"]
[Site "Kraljevo"]
[Date "2014.09.13"]
[Round "1.2"]
[White "Nestorovic, Dejan"]
[Black "Djukic, Zeljko"]
[Result "1-0"]
[WhiteElo "2425"]
[BlackElo "2367"]
[PlyCount "57"]
[EventDate "2014.09.13"]

1. d4 c5 2. d5 d6 3. e4 g6 4. c4 e5 5. Nc3 h5 6. Bd3 Bh6 7. Bxh6 Nxh6 8. Qd2
Kf8 9. O-O-O Kg7 10. g3 h4 11. f4 Bg4 12. Rf1 hxg3 13. hxg3 Nd7 14. Rf2 Qe7 15.
Rfh2 f6 16. Be2 Bxe2 17. Qxe2 a6 18. Nf3 Nf7 19. Nh4 Nf8 20. Qg4 Qd7 21. Nf5+
Kg8 22. Rxh8+ Nxh8 23. Qh4 Nf7 24. Ne3 Kg7 25. Ng4 g5 26. fxg5 fxg5 27. Qh5 Qe7
28. Ne3 Qf6 29. Rf1 1-0

[Event "PRVA LIGA CENTRALNE SRBIJE 2014"]
[Site "Kraljevo"]
[Date "2014.09.13"]
[Round "1.2"]
[White "Ilic, Zoran S"]
[Black "Markovic, Zoran S"]
[Result "1/2-1/2"]
[WhiteElo "2289"]
[BlackElo "2358"]
[PlyCount "29"]
[EventDate "2014.09.13"]

1. d4 d5 2. Nf3 Nf6 3. c4 e6 4. Nc3 Be7 5. Bf4 O-O 6. e3 c5 7. dxc5 Bxc5 8. Qc2
Nc6 9. a3 Qa5 10. Rd1 Be7 11. Be2 dxc4 12. Bxc4 e5 13. Bg3 Bg4 14. O-O Rac8 15.
Ba2 1/2-1/2

[Event "PRVA LIGA CENTRALNE SRBIJE 2014"]
[Site "Kraljevo"]
[Date "2014.09.13"]
[Round "1.2"]
[White "Milenkovic, Mladen"]
[Black "Mitrovic, Darko R"]
[Result "1-0"]
[WhiteElo "2329"]
[BlackElo "2263"]
[PlyCount "89"]
[EventDate "2014.09.13"]

1. e4 e6 2. d4 d5 3. e5 c5 4. c3 Qb6 5. Nf3 Bd7 6. Be2 Bb5 7. c4 Bxc4 8. Bxc4
Qb4+ 9. Nbd2 dxc4 10. a3 Qb5 11. a4 Qb4 12. O-O Nc6 13. b3 Qc3 14. Ba3 Nxd4 15.
Nxd4 Qxd4 16. Qf3 Qd5 17. Ne4 Nh6 18. bxc4 Qxe5 19. Rab1 Rb8 20. Bc1 Qf5 21.
Qg3 e5 22. Bxh6 gxh6 23. Rfe1 Be7 24. Nc3 f6 25. Nd5 Qg6 26. Qh3 Kf7 27. Qd7
Rhe8 28. Rxb7 Rxb7 29. Qxb7 Qc2 30. Qb5 Qd2 31. Rf1 Qc2 32. h3 Qd3 33. a5 Qf5
34. a6 Qc8 35. Rb1 Bd6 36. Rd1 Rd8 37. Ne3 Be7 38. Rxd8 Bxd8 39. Nd5 Ke6 40.
Qe8+ Kd6 41. Nxf6 Kc7 42. Nd5+ Kd6 43. Qf8+ Ke6 44. Qxh6+ Kf5 45. g4+ 1-0

[Event "PRVA LIGA CENTRALNE SRBIJE 2014"]
[Site "Kraljevo"]
[Date "2014.09.13"]
[Round "1.2"]
[White "Djokic, Vladan"]
[Black "Dudukovic, Nikola"]
[Result "1/2-1/2"]
[WhiteElo "2320"]
[BlackElo "2341"]
[PlyCount "30"]
[EventDate "2014.09.13"]

1. e4 e6 2. d4 d5 3. e5 c5 4. c3 Nc6 5. Nf3 Qb6 6. a3 c4 7. Nbd2 Na5 8. Be2 Bd7
9. O-O Ne7 10. Rb1 Qc7 11. h4 Nc8 12. Ng5 h6 13. Nh3 Nb6 14. Qe1 Ba4 15. Bd1
Bxd1 1/2-1/2

[Event "PRVA LIGA CENTRALNE SRBIJE 2014"]
[Site "Kraljevo"]
[Date "2014.09.13"]
[Round "1.2"]
[White "Organdziev, Oliver"]
[Black "Stankovic, Dejan"]
[Result "1/2-1/2"]
[WhiteElo "2302"]
[BlackElo "2260"]
[PlyCount "23"]
[EventDate "2014.09.13"]

1. e4 e5 2. Nf3 Nf6 3. Nxe5 d6 4. Nf3 Nxe4 5. Nc3 Nf6 6. d4 Be7 7. h3 Bf5 8.
Bd3 Qd7 9. O-O O-O 10. Re1 Bg6 11. Bg5 c6 12. Ne2 1/2-1/2

[Event "PRVA LIGA CENTRALNE SRBIJE 2014"]
[Site "Kraljevo"]
[Date "2014.09.13"]
[Round "1.3"]
[White "Parligras, Mircea-Emilian"]
[Black "Pancevski, Filip"]
[Result "1-0"]
[WhiteElo "2578"]
[BlackElo "2469"]
[PlyCount "131"]
[EventDate "2014.09.13"]

1. d4 g6 2. e4 Bg7 3. c4 d6 4. Nc3 e5 5. Nf3 exd4 6. Nxd4 Nc6 7. Be3 Nge7 8. h4
f5 9. h5 fxe4 10. Nxe4 Bf5 11. h6 Be5 12. Nxf5 Nxf5 13. Bg5 Qd7 14. Qd5 Bxb2
15. Rb1 Be5 16. Rxb7 Nfe7 17. Qxe5 dxe5 18. Nf6+ Kd8 19. Nxd7 Kxd7 20. Rh3 Rhb8
21. Rhb3 Rxb7 22. Rxb7 Nf5 23. f3 Ncd4 24. Rb2 a5 25. Bd3 Ne6 26. Be4 Rf8 27.
Bd2 Nd6 28. Bd3 Nc5 29. Be2 a4 30. Bb4 Kc6 31. Rd2 Rb8 32. Ba3 e4 33. fxe4 Rb1+
34. Rd1 Rxd1+ 35. Kxd1 Ndxe4 36. Bf3 Kb6 37. Kc2 c6 38. Bc1 Kc7 39. Be3 Kd6 40.
Kb2 Nf6 41. Ka3 Nd3 42. Bg5 Nd7 43. Be4 N7e5 44. Bxd3 Nxd3 45. Kxa4 Kc7 46. Be3
Kb7 47. Bd4 Nf4 48. Kb4 Ne6 49. Be5 Kc8 50. Bh2 Kb7 51. Bd6 Ng5 52. Be7 Nf7 53.
Bf8 Kb6 54. Bc5+ Kb7 55. Be3 g5 56. Kc5 Kc7 57. a4 Nxh6 58. Bxg5 Nf5 59. g4 Ng7
60. Bf4+ Kb7 61. Kd6 h5 62. Be5 Ne8+ 63. Kd7 hxg4 64. Kxe8 Kb6 65. Kd7 Kc5 66.
a5 1-0

[Event "PRVA LIGA CENTRALNE SRBIJE 2014"]
[Site "Kraljevo"]
[Date "2014.09.13"]
[Round "1.3"]
[White "Dezelin, Milan"]
[Black "Perunovic, Miodrag"]
[Result "0-1"]
[WhiteElo "2261"]
[BlackElo "2415"]
[PlyCount "66"]
[EventDate "2014.09.13"]

1. Nf3 Nf6 2. b3 e6 3. Bb2 b6 4. g3 Bb7 5. Bg2 Be7 6. O-O O-O 7. c4 c5 8. d4
cxd4 9. Qxd4 d6 10. Nc3 a6 11. Rfd1 Nbd7 12. Ng5 Bxg2 13. Kxg2 Rc8 14. Nge4 Ne8
15. f3 Qc7 16. Rac1 Qb7 17. Ba3 Rc6 18. Qe3 Ne5 19. f4 Nd7 20. Qf3 Qc7 21. Nf2
Qc8 22. h4 Rc7 23. Nfe4 Nc5 24. Nxc5 bxc5 25. Rd2 f5 26. e4 fxe4 27. Nxe4 h6
28. Qg4 Rf5 29. Re1 Bf8 30. Bb2 Rcf7 31. Nf2 e5 32. Qe2 g5 33. hxg5 hxg5 0-1

[Event "PRVA LIGA CENTRALNE SRBIJE 2014"]
[Site "Kraljevo"]
[Date "2014.09.13"]
[Round "1.3"]
[White "Radovanovic, Dusan"]
[Black "Zajic, Milan"]
[Result "1/2-1/2"]
[WhiteElo "2394"]
[BlackElo "2426"]
[PlyCount "121"]
[EventDate "2014.09.13"]

1. d4 e6 2. Nf3 Nf6 3. Bg5 c5 4. dxc5 Bxc5 5. e3 O-O 6. Nbd2 Be7 7. Bd3 d6 8.
c3 Nbd7 9. O-O b6 10. Re1 Bb7 11. e4 Qc7 12. Rc1 Rad8 13. Bb1 h6 14. Bh4 e5 15.
c4 Nc5 16. b4 Ncd7 17. Nf1 Rc8 18. Ne3 Rfe8 19. Nd5 Nxd5 20. cxd5 Qxc1 21. Qxc1
Rxc1 22. Rxc1 g5 23. Bg3 f5 24. exf5 Nf6 25. Nd2 Rc8 26. Rxc8+ Bxc8 27. a3 Bb7
28. f3 Kg7 29. Bf2 Bxd5 30. Bd3 Bc6 31. Kf1 d5 32. Ke2 Nd7 33. Nb1 Kf6 34. Nc3
a5 35. bxa5 bxa5 36. a4 Bb4 37. Nb5 d4 38. Bc2 Nc5 39. g4 d3+ 40. Bxd3 Nxa4 41.
Nc7 Nc3+ 42. Kf1 Bxf3 43. h3 Nd5 44. Ne6 a4 45. Nc5 a3 46. Bc4 Nc3 47. Nd7+ Ke7
48. Nxe5 Be2+ 49. Kg2 Bxc4 50. Nc6+ Kd7 51. Nxb4 a2 52. Nc2 Nd5 53. Bd4 Bd3 54.
Na1 Nf4+ 55. Kh2 Bf1 56. h4 gxh4 57. Be3 Nd3 58. Bxh6 Ne5 59. Kg1 Bd3 60. Bf4
Nxg4 61. Kg2 1/2-1/2

[Event "PRVA LIGA CENTRALNE SRBIJE 2014"]
[Site "Kraljevo"]
[Date "2014.09.13"]
[Round "1.3"]
[White "Mladenovic, Stefan"]
[Black "Marcetic, Nikola"]
[Result "1-0"]
[WhiteElo "2336"]
[BlackElo "2389"]
[PlyCount "75"]
[EventDate "2014.09.13"]

1. d4 d5 2. c4 e6 3. Nf3 Nf6 4. Nc3 Be7 5. Bg5 O-O 6. e3 h6 7. Bxf6 Bxf6 8. Rc1
c6 9. h4 g6 10. g4 Bg7 11. h5 g5 12. Bd3 dxc4 13. Bxc4 e5 14. Nxe5 Bxe5 15.
dxe5 Qxd1+ 16. Rxd1 Bxg4 17. Rd6 Kg7 18. f4 Nd7 19. Rg1 Nb6 20. Bb3 Bxh5 21.
fxg5 Bg6 22. gxh6+ Kxh6 23. Bxf7 Rxf7 24. Rdxg6+ Kh7 25. Ne4 Nd5 26. Nd6 Rf3
27. Rg7+ Kh6 28. Nf7+ Rxf7 29. Rxf7 Re8 30. Rf3 Rxe5 31. Rh3+ Rh5 32. Rxh5+
Kxh5 33. Ke2 Kh6 34. Kf3 Nb4 35. e4 Nxa2 36. e5 Nb4 37. e6 Nd5 38. Ke4 1-0

[Event "PRVA LIGA CENTRALNE SRBIJE 2014"]
[Site "Kraljevo"]
[Date "2014.09.13"]
[Round "1.3"]
[White "Radivojevic, Ivan"]
[Black "Cvetanovic, Uros"]
[Result "1/2-1/2"]
[WhiteElo "2365"]
[BlackElo "2323"]
[PlyCount "53"]
[EventDate "2014.09.13"]

1. e4 d6 2. d4 Nf6 3. Nc3 g6 4. g3 Bg7 5. Bg2 O-O 6. Nge2 c6 7. a4 a5 8. O-O
Qc7 9. h3 Na6 10. Be3 Nb4 11. Qd2 Re8 12. f4 d5 13. e5 Ne4 14. Nxe4 dxe4 15. g4
f5 16. Ng3 e6 17. Rfd1 Rd8 18. Qf2 Bh6 19. Bf1 Kh8 20. Rac1 Qf7 21. c4 b6 22.
Bd2 Bf8 23. Kh2 Be7 24. b3 Bb7 25. g5 c5 26. Bc3 Kg8 27. Rd2 1/2-1/2

[Event "PRVA LIGA CENTRALNE SRBIJE 2014"]
[Site "Kraljevo"]
[Date "2014.09.13"]
[Round "1.3"]
[White "Brankovic, Dejan"]
[Black "Zivkovic, Ivan B"]
[Result "1/2-1/2"]
[WhiteElo "2345"]
[BlackElo "2325"]
[PlyCount "36"]
[EventDate "2014.09.13"]

1. c4 Nf6 2. g3 g6 3. Bg2 Bg7 4. Nc3 O-O 5. d3 c5 6. Bg5 Nc6 7. Nf3 d6 8. Qd2
a6 9. Bh6 Rb8 10. h4 Bg4 11. Bxg7 Kxg7 12. Ng5 h6 13. Bxc6 bxc6 14. Nge4 Nh7
15. f3 Be6 16. g4 Qa5 17. Nd1 Qxd2+ 18. Kxd2 f5 1/2-1/2

[Event "PRVA LIGA CENTRALNE SRBIJE 2014"]
[Site "Kraljevo"]
[Date "2014.09.13"]
[Round "1.4"]
[White "Jovanovic, Dusan D"]
[Black "Zlatanovic, Boroljub"]
[Result "1/2-1/2"]
[WhiteElo "2401"]
[BlackElo "2402"]
[PlyCount "30"]
[EventDate "2014.09.13"]

1. Nf3 g6 2. d4 Bg7 3. c4 d6 4. Nc3 e5 5. e3 Nc6 6. Be2 Nf6 7. O-O O-O 8. b3
exd4 9. Nxd4 Nxd4 10. exd4 Re8 11. Bg5 h6 12. Be3 Bf5 13. Qd2 Ne4 14. Nxe4 Bxe4
15. Rae1 h5 1/2-1/2

[Event "PRVA LIGA CENTRALNE SRBIJE 2014"]
[Site "Kraljevo"]
[Date "2014.09.13"]
[Round "1.4"]
[White "Pavlovic, Goran"]
[Black "Stojanovic, Dobrisav"]
[Result "1/2-1/2"]
[WhiteElo "2389"]
[BlackElo "2367"]
[PlyCount "24"]
[EventDate "2014.09.13"]

1. d4 d5 2. Nf3 Nf6 3. c4 c6 4. Qb3 e6 5. Nc3 Ne4 6. g3 f5 7. Bg2 Be7 8. O-O
O-O 9. Ne5 Qb6 10. Be3 Nd7 11. Nxd7 Bxd7 12. Nxe4 fxe4 1/2-1/2

[Event "PRVA LIGA CENTRALNE SRBIJE 2014"]
[Site "Kraljevo"]
[Date "2014.09.13"]
[Round "1.4"]
[White "Panic, Nenad"]
[Black "Radovanovic, Nikola"]
[Result "1/2-1/2"]
[WhiteElo "2346"]
[BlackElo "2348"]
[PlyCount "21"]
[EventDate "2014.09.13"]

1. f4 g6 2. Nf3 c5 3. e3 Bg7 4. c3 Nf6 5. d4 b6 6. Bd3 d5 7. O-O O-O 8. Nbd2
Ba6 9. Qe2 Qc8 10. Ne5 Bxd3 11. Qxd3 1/2-1/2

[Event "PRVA LIGA CENTRALNE SRBIJE 2014"]
[Site "Kraljevo"]
[Date "2014.09.13"]
[Round "1.4"]
[White "Jovanovic, Bojan P"]
[Black "Ilic, Dragan M"]
[Result "1/2-1/2"]
[WhiteElo "2257"]
[BlackElo "2365"]
[PlyCount "33"]
[EventDate "2014.09.13"]

1. e4 e6 2. d4 d5 3. exd5 exd5 4. Bd3 Bd6 5. Ne2 Ne7 6. Bf4 Nbc6 7. c3 Bg4 8.
f3 Bf5 9. O-O O-O 10. Bxd6 Qxd6 11. Na3 Qh6 12. Nc2 Rfe8 13. Re1 Bxd3 14. Qxd3
Ng6 15. Rad1 Re6 16. Ng3 Rae8 17. Rxe6 1/2-1/2

[Event "PRVA LIGA CENTRALNE SRBIJE 2014"]
[Site "Kraljevo"]
[Date "2014.09.13"]
[Round "1.4"]
[White "Peric, Slavisa"]
[Black "Radovic, Luka"]
[Result "1/2-1/2"]
[WhiteElo "2180"]
[BlackElo "2210"]
[PlyCount "38"]
[EventDate "2014.09.13"]

1. d4 Nf6 2. Nc3 e6 3. e4 d5 4. exd5 exd5 5. Bd3 Be7 6. Bf4 O-O 7. Nge2 Be6 8.
h3 Nbd7 9. Ng3 c5 10. Nce2 Qb6 11. Rb1 Rfe8 12. c3 cxd4 13. Nxd4 Bc5 14. O-O
Ne4 15. Nge2 Ndf6 16. f3 Nd6 17. Kh1 Rac8 18. Qd2 Nc4 19. Qc2 Bd7 1/2-1/2

[Event "PRVA LIGA CENTRALNE SRBIJE 2014"]
[Site "Kraljevo"]
[Date "2014.09.13"]
[Round "1.4"]
[White "Radovic, Janko"]
[Black "Popovic, Milan S"]
[Result "1/2-1/2"]
[WhiteElo "2125"]
[BlackElo "2211"]
[PlyCount "22"]
[EventDate "2014.09.13"]

1. e4 d6 2. d4 Nf6 3. Nc3 e5 4. dxe5 dxe5 5. Qxd8+ Kxd8 6. Nf3 Bd6 7. Be3 Ke7
8. O-O-O Be6 9. Ng5 Ng4 10. Be2 Nxe3 11. fxe3 Nd7 1/2-1/2

[Event "PRVA LIGA CENTRALNE SRBIJE 2014"]
[Site "Kraljevo"]
[Date "2014.09.13"]
[Round "1.5"]
[White "Marjanovic, Slavoljub"]
[Black "Lapcevic, Milos"]
[Result "1/2-1/2"]
[WhiteElo "2473"]
[BlackElo "2377"]
[PlyCount "38"]
[EventDate "2014.09.13"]

1. e4 c5 2. Nc3 d6 3. Nge2 Nf6 4. d4 cxd4 5. Nxd4 a6 6. a4 e5 7. Nf3 Be7 8. Bg5
Nbd7 9. Bc4 O-O 10. Qe2 h6 11. Bh4 Qc7 12. Nd2 Nc5 13. Bxf6 Bxf6 14. Nd5 Qd8
15. O-O Bg5 16. Rfd1 Kh8 17. a5 f5 18. Nb6 Rb8 19. Nxc8 Qxc8 1/2-1/2

[Event "PRVA LIGA CENTRALNE SRBIJE 2014"]
[Site "Kraljevo"]
[Date "2014.09.13"]
[Round "1.5"]
[White "Maksimovic, Branimir"]
[Black "Ivanovic, Dragutin"]
[Result "1/2-1/2"]
[WhiteElo "2384"]
[BlackElo "2339"]
[PlyCount "134"]
[EventDate "2014.09.13"]

1. d4 d5 2. c4 e6 3. Nc3 Be7 4. Nf3 Nf6 5. g3 O-O 6. Bg2 Nbd7 7. O-O c6 8. b3
Qa5 9. Qc2 b5 10. c5 b4 11. Na4 Ne4 12. Ne1 f5 13. Nd3 Bf6 14. Bb2 Qb5 15. f3
Ng5 16. h4 Nf7 17. e4 g6 18. exd5 exd5 19. Rfe1 Qb8 20. f4 Ba6 21. Ne5 Nfxe5
22. dxe5 Be7 23. Bd4 Re8 24. Re3 Qd8 25. h5 Nf8 26. hxg6 hxg6 27. Qd2 Ne6 28.
Qxb4 Rb8 29. Qc3 Rf8 30. Bf1 Bxf1 31. Rxf1 Rf7 32. Re2 Rh7 33. Rh2 Rxh2 34.
Kxh2 Kg7 35. Kg2 Qd7 36. Nb2 Rh8 37. Nd1 Qb7 38. a4 Rb8 39. Rf3 Qb4 40. Bf2
Qxc3 41. Rxc3 d4 42. Rd3 Bxc5 43. Nb2 Rd8 44. Be1 g5 45. fxg5 Nxg5 46. Nc4 Ne6
47. Na5 Rc8 48. b4 Be7 49. Rd1 Bg5 50. Nb7 Rb8 51. Na5 Rc8 52. Nb3 Be3 53. Bd2
Rb8 54. Bxe3 dxe3 55. Rd7+ Kf8 56. Nc5 Nxc5 57. bxc5 Re8 58. Rxa7 Rxe5 59. Kf1
Rxc5 60. Ke2 Rc3 61. Rc7 Ra3 62. Rxc6 Rxa4 63. Rf6+ Kg7 64. Rxf5 Kg6 65. Re5
Ra3 66. Rxe3 Rxe3+ 67. Kxe3 Kg5 1/2-1/2

[Event "PRVA LIGA CENTRALNE SRBIJE 2014"]
[Site "Kraljevo"]
[Date "2014.09.13"]
[Round "1.5"]
[White "Ratkovic, Milovan"]
[Black "Bojkovic, Slobodan"]
[Result "1/2-1/2"]
[WhiteElo "2315"]
[BlackElo "2216"]
[PlyCount "47"]
[EventDate "2014.09.13"]

1. d4 d5 2. c4 c6 3. Nc3 Nf6 4. e3 g6 5. Nf3 Bg7 6. Bd3 O-O 7. O-O b6 8. e4
dxe4 9. Nxe4 Nbd7 10. Bf4 Bb7 11. Nxf6+ Bxf6 12. Be4 Bg7 13. Qe2 Qc8 14. Rad1
Re8 15. Ne5 Nxe5 16. Bxe5 f6 17. Bf4 e6 18. Bd6 Qd7 19. Bb4 f5 20. Bc2 c5 21.
dxc5 Qc6 22. f3 bxc5 23. Bc3 Bxc3 24. bxc3 1/2-1/2

[Event "PRVA LIGA CENTRALNE SRBIJE 2014"]
[Site "Kraljevo"]
[Date "2014.09.13"]
[Round "1.5"]
[White "Necevski, Aleksandar"]
[Black "Dragicevic, Dragan"]
[Result "1/2-1/2"]
[WhiteElo "2270"]
[BlackElo "2211"]
[PlyCount "136"]
[EventDate "2014.09.13"]

1. d4 Nf6 2. Nf3 g6 3. b3 Bg7 4. Bb2 d5 5. e3 O-O 6. Nbd2 Nbd7 7. Be2 c5 8. O-O
b6 9. Ne5 Nxe5 10. dxe5 Ne4 11. f4 Bb7 12. Nxe4 dxe4 13. Bc4 Qc7 14. Qe2 Rad8
15. Rfd1 Bc6 16. Bc3 Rxd1+ 17. Rxd1 Rd8 18. a4 e6 19. Be1 Rxd1 20. Qxd1 Qd7 21.
Qxd7 Bxd7 22. Bh4 Kf8 23. Bd8 Ke8 24. Bc7 Bf8 25. Ba6 Bc6 26. a5 bxa5 27. Bxa5
Kd7 28. Kf2 Be7 29. Ke2 Bd8 30. Bxd8 Kxd8 31. Kd2 Kc7 32. Kc3 Kb6 33. Be2 h5
34. h4 Bb5 35. Bd1 Kc7 36. g4 hxg4 37. Bxg4 Kd7 38. h5 gxh5 39. Bxh5 Ke7 40.
Bg4 a5 41. Bh3 f5 42. exf6+ Kxf6 43. Kd2 Ba6 44. Bg4 Bb5 45. Ke1 Ba6 46. Kf2
Bb5 47. Bh5 a4 48. bxa4 Bxa4 49. c3 Bb5 50. Kg3 Bc6 51. Be2 Ba4 52. Kf2 Kf5 53.
Ba6 Bb3 54. Bc8 Kg4 55. Kg2 Bc4 56. Kf2 Bd5 57. Ba6 Bb3 58. Bb5 Ba2 59. Ke2 Kg3
60. Bc6 Bc4+ 61. Kd2 Kf3 62. Ba4 Kf2 63. Bd1 Bd5 64. Be2 Bc6 65. Bc4 Bd7 66.
Ba6 Be8 67. Bc8 Bf7 68. Bd7 Bg8 1/2-1/2

[Event "PRVA LIGA CENTRALNE SRBIJE 2014"]
[Site "Kraljevo"]
[Date "2014.09.13"]
[Round "1.5"]
[White "Sandic, Vladeta"]
[Black "Perunovic, Ljubivoje"]
[Result "1-0"]
[WhiteElo "2335"]
[BlackElo "1915"]
[PlyCount "75"]
[EventDate "2014.09.13"]

1. d4 f5 2. Nf3 Nf6 3. g3 e6 4. Bg2 Be7 5. O-O O-O 6. c4 d6 7. Nc3 a5 8. Qc2
Na6 9. a3 c6 10. e4 fxe4 11. Nxe4 Nxe4 12. Qxe4 Bf6 13. Be3 Rb8 14. Rac1 Bd7
15. Bf4 d5 16. Qe2 Nc7 17. Rfe1 Rc8 18. Qd2 dxc4 19. Qxa5 b5 20. Qd2 Nd5 21.
Bd6 Be7 22. Bxe7 Qxe7 23. Ne5 Rf6 24. Re2 Qd6 25. Rce1 Re8 26. Nxd7 Qxd7 27.
Re5 Kf7 28. a4 Qd6 29. axb5 Rf5 30. bxc6 Rxe5 31. Rxe5 Qxc6 32. Qg5 c3 33. Bxd5
exd5 34. Qf5+ Kg8 35. Rxe8+ Qxe8 36. Qxd5+ Kf8 37. bxc3 Qe1+ 38. Kg2 1-0

[Event "PRVA LIGA CENTRALNE SRBIJE 2014"]
[Site "Kraljevo"]
[Date "2014.09.13"]
[Round "1.6"]
[White "Iordachescu, Viorel"]
[Black "Arandjelovic, Aleksandar Z"]
[Result "1-0"]
[WhiteElo "2603"]
[BlackElo "2068"]
[PlyCount "59"]
[EventDate "2014.09.13"]

1. d4 d5 2. c4 e6 3. Nc3 Nf6 4. Bg5 Be7 5. e3 O-O 6. Nf3 Nbd7 7. Bd3 c6 8. O-O
dxc4 9. Bxc4 Nd5 10. Bf4 Nxf4 11. exf4 Nf6 12. Ne5 Qb6 13. Na4 Qb4 14. a3 Qd6
15. Nc3 b5 16. Bb3 Bb7 17. Qd3 a6 18. Ne4 Nxe4 19. Qxe4 Kh8 20. Rac1 Rac8 21.
f5 Rc7 22. fxe6 f5 23. Qe3 f4 24. Qh3 Kg8 25. Rfd1 a5 26. Nf7 Rxf7 27. exf7+
Kh8 28. Re1 a4 29. Bc2 g6 30. Bxg6 1-0

[Event "PRVA LIGA CENTRALNE SRBIJE 2014"]
[Site "Kraljevo"]
[Date "2014.09.13"]
[Round "1.6"]
[White "Djokic, Nebojsa"]
[Black "Milanovic, Danilo"]
[Result "0-1"]
[WhiteElo "2180"]
[BlackElo "2481"]
[PlyCount "52"]
[EventDate "2014.09.13"]

1. e4 d5 2. exd5 Qxd5 3. Nc3 Qd6 4. d4 Nf6 5. Nf3 c6 6. Ne5 Be6 7. Bf4 Qd8 8.
Be2 g6 9. h4 h5 10. Qd2 Bg7 11. O-O-O Nbd7 12. Kb1 Nb6 13. Bf3 Bf5 14. Rhe1 O-O
15. Bh6 Nbd5 16. Ne4 Bxe4 17. Bxe4 Nxe4 18. Rxe4 Nf6 19. Bxg7 Kxg7 20. Rf4 Qd6
21. g4 Rad8 22. gxh5 Nxh5 23. Rg4 Nf6 24. Rgg1 Rh8 25. Qg5 Rh5 26. Qg2 Rxe5 0-1

[Event "PRVA LIGA CENTRALNE SRBIJE 2014"]
[Site "Kraljevo"]
[Date "2014.09.13"]
[Round "1.6"]
[White "Kostic, Vladimir G"]
[Black "Djukic, Slobodan D"]
[Result "1/2-1/2"]
[WhiteElo "2399"]
[BlackElo "2195"]
[PlyCount "90"]
[EventDate "2014.09.13"]

1. e4 c5 2. c3 Nf6 3. e5 Nd5 4. d4 cxd4 5. cxd4 d6 6. Nf3 Nc6 7. Bc4 e6 8. O-O
Nb6 9. Bb5 Bd7 10. Nc3 a6 11. Bd3 dxe5 12. dxe5 Nb4 13. Bb1 Bc6 14. Qe2 Qc7 15.
Re1 N6d5 16. Nd4 Nxc3 17. bxc3 Nd5 18. Qf3 Ba4 19. Bd2 Bc5 20. Nb3 Ba7 21. Be4
O-O 22. c4 Qxc4 23. Rac1 Qb5 24. Na5 Qd7 25. Nc4 Bc6 26. Red1 f5 27. Bc2 Qe7
28. Na5 Be8 29. Bb3 Rd8 30. Be1 Bf7 31. a3 Qg5 32. Qg3 Qxg3 33. hxg3 Rd7 34.
Bb4 Rfd8 35. Bd6 g5 36. Ba4 b5 37. Bb3 Re8 38. Nc6 Kg7 39. Nxa7 Rxa7 40. Bxd5
exd5 41. Bc5 Rb7 42. Bd4 Kg6 43. f4 a5 44. Rc6+ Re6 45. Rc5 Ra6 1/2-1/2